000 00462nam a2200133Ia 4500
008 100328s9999 xx 000 0 und d
082 _b75001
100 _aहुद्दार मधुकर-अनु.(मूळ लेखक-जेम्स हॅडली चेस).
245 _aशॉकींग डेथ.
260 _bनंदादीप.
630 _aशॉकींग डेथ.
730 _aशॉकींग डेथ.
942 _cBOOK
999 _c560722
_d560719